Misal popular Iberoaméricano / [por] Conferencia Episcopal Ecuatoriana ; edición coordinada por Mons. Juan Larrea

Guardat en:
Dades bibliogràfiques
Autor corporatiu: Conferencia Episcopal Ecuatoriana
Altres autors: I. Larrea, Juan, ed. (autor) (autor)
Format: Llibre
Matèries:
Etiquetes: Afegir etiqueta
Sense etiquetes, Sigues el primer a etiquetar aquest registre!

MARC

LEADER 00000nam^a2200000^u^4500
001 000537310
005 20250521000000.0
008 060220s1000^^^^^^^^^^^^r^^^^^000^0^spa^d
009 20260310131056.25
035 |a FMI 000003440 
037 |a Acervo Xavier Clavigero 
096 |a 5.9.3/57/A 
110 |a Conferencia Episcopal Ecuatoriana 
245 1 0 |a Misal popular Iberoaméricano / [por] Conferencia Episcopal Ecuatoriana ; edición coordinada por Mons. Juan Larrea 
264 |a Quito, Ecuador : Panamericana, 1977 
300 |a 2261 p. 
336 |a texto  |b txt  |2 rdacontenido 
337 |a sin mediación  |b n  |2 rdamedio 
338 |a volumen  |b nc  |2 rdasoporte 
649 |a XX 
650 |a LITURGIA 
700 |a I. Larrea, Juan, ed.  |e (autor) 
910 |a Fondo Francisco Migoya Covarrubias S.J. 
920 |a Impresos - Libros 
930 |a Fondos Especiales 
905 |a 134 
901 |a SBC16983  |b IT2  |c ESP  |u 20250521 
902 |a https://opac.biblio.iteso.mx/vufind/Record/000537310